|
|
|
|
| LEADER |
00000nam0a2200000 4500 |
| 001 |
27623 |
| 005 |
20231030202244.0 |
| 010 |
|
|
|a 5818800164
|
| 035 |
|
|
|a (RuTPU)RU\TPU\book\27876
|
| 035 |
|
|
|a BOOK00027951
|
| 090 |
|
|
|a 27623
|
| 100 |
|
|
|a 20011209d1999 m y0rusy50 ca
|
| 101 |
0 |
|
|a rus
|
| 102 |
|
|
|a RU
|
| 105 |
|
|
|a y j 000zy
|
| 200 |
1 |
|
|a Демография
|e учебник для вузов
|f В. А. Борисов
|
| 210 |
|
|
|a Москва
|c Nota Bene
|d 1999
|
| 215 |
|
|
|a 270 с.
|
| 320 |
|
|
|a Библиогр.: с. 260-261.
|
| 610 |
1 |
|
|a демократия
|
| 610 |
1 |
|
|a население
|
| 610 |
1 |
|
|a численность
|
| 610 |
1 |
|
|a структура
|
| 610 |
1 |
|
|a рождаемость
|
| 610 |
1 |
|
|a смертность
|
| 610 |
1 |
|
|a воспроизводство
|
| 610 |
1 |
|
|a прогнозирование
|
| 610 |
1 |
|
|a учебные пособия
|
| 686 |
|
|
|a С7я73
|v LBC/SL-A
|2 rubbk
|
| 700 |
|
1 |
|a Борисов
|b В. А.
|g Владимир Александрович
|
| 801 |
|
0 |
|a RU
|b 63413507
|c 20011209
|g PSBO
|
| 801 |
|
2 |
|a RU
|b 63413507
|c 20060703
|g PSBO
|
| 942 |
|
|
|c BK
|